[Event "Casablanca Mohammed op 4th"]
[Site "Casablanca"]
[Date "2023.08.18"]
[Round "8"]
[White "Draoui, Najib"]
[Black "Dubreuil, Nicolas"]
[Result "1/2-1/2"]
[WhiteElo "2304"]
[BlackElo "2159"]
[PlyCount "68"]
[EventDate "2023.08.14"]
[EventType "swiss"]
[EventRounds "9"]
[EventCountry "MAR"]
[SourceTitle "CBM 215 Extra"]
[Source "ChessBase"]
[SourceDate "2023.09.30"]
[SourceVersion "1"]
[SourceVersionDate "2023.09.30"]
[SourceQuality "1"]

1. e4 c6 2. d4 d5 3. Nc3 dxe4 4. Nxe4 Nf6 5. Nxf6+ exf6 6. Bc4 Bd6 7. Qe2+ Qe7 8. Be3 0-0 9. 0-0-0 Nd7 10. Nf3 b5 11. Bd3 Nb6 12. Rhe1 Be6 13. Kb1 Qd7 14. c3 a5 15. Qc2 g6 16. d5 Nxd5 17. Bh6 Rfe8 18. Nd4 Bf8 19. Bc1 Rab8 20. Nxe6 fxe6 21. Ka1 Bg7 22. h4 f5 23. g4 c5 24. gxf5 gxf5 25. Be2 c4 26. Bh5 Rf8 27. Bf3 b4 28. Rxe6 bxc3 29. Bxd5 cxb2+ 30. Bxb2 Rxb2 31. Re7+ Kh8 32. Rxg7 Qxd5 33. Rxd5 Rxc2 34. Rdd7 Re8 1/2-1/2

[Event "Agadir zt 4.1"]
[Site "Agadir"]
[Date "2016.05.30"]
[Round "9"]
[White "Draoui, Najib"]
[Black "Boubacar, Mohameden"]
[Result "1-0"]
[WhiteElo "2310"]
[BlackElo "1959"]
[PlyCount "35"]
[EventDate "2016.05.24"]
[EventType "swiss"]
[EventRounds "9"]
[EventCountry "MAR"]
[SourceTitle "CBM 172 Extra"]
[Source "ChessBase"]
[SourceDate "2016.06.21"]
[SourceVersion "1"]
[SourceVersionDate "2016.06.21"]
[SourceQuality "1"]

1. e4 e5 2. Nf3 Nc6 3. Bb5 Bc5 4. 0-0 Nge7 5. Nxe5 Nxe5 6. d4 Bd6 7. dxe5 Bxe5 8. f4 Bd6 9. Be3 c6 10. Qxd6 cxb5 11. Nc3 0-0 12. Nxb5 Nc6 13. Qd2 b6 14. Nd6 a6 15. Rfd1 Qe7 16. b4 Nd8 17. e5 Nb7 18. Nxc8 1-0

[Event "Agadir zt 4.1"]
[Site "Agadir"]
[Date "2016.05.25"]
[Round "3"]
[White "Draoui, Najib"]
[Black "Arab, Adlane"]
[Result "0-1"]
[WhiteElo "2310"]
[BlackElo "2475"]
[PlyCount "86"]
[EventDate "2016.05.24"]
[EventType "swiss"]
[EventRounds "9"]
[EventCountry "MAR"]
[SourceTitle "CBM 172 Extra"]
[Source "ChessBase"]
[SourceDate "2016.06.21"]
[SourceVersion "1"]
[SourceVersionDate "2016.06.21"]
[SourceQuality "1"]

1. e4 c5 2. Nf3 d6 3. d4 cxd4 4. Nxd4 Nf6 5. Nc3 a6 6. h3 e5 7. Nde2 h5 8. g3 Be6 9. Bg2 b5 10. a4 b4 11. Nd5 Bxd5 12. exd5 Nbd7 13. a5 Qc7 14. 0-0 Be7 15. Bd2 Rb8 16. Ra4 Qc5 17. Be3 Qb5 18. b3 0-0 19. Re1 Rfc8 20. Ra2 Bd8 21. Qd2 Nc5 22. Rea1 h4 23. g4 Nfe4 24. Qd1 Bg5 25. Bxg5 Nxg5 26. Qe1 Re8 27. Rd1 Rbc8 28. Qd2 Nce4 29. Qe3 Qc5 30. Rd3 Qxe3 31. Rxe3 Nc5 32. Nc1 g6 33. Nd3 Nxd3 34. Rxd3 Rc5 35. Ra4 Rb8 36. Rd2 Kg7 37. Kh2 Rc3 38. Ra2 Rxh3+ 39. Bxh3 Nf3+ 40. Kh1 Nxd2 41. Ra1 Ne4 42. Kg1 Kf6 43. Bf1 Nc5 0-1

[Event "Livry Gargan op rap"]
[Site "Livry Gargan"]
[Date "2009.05.10"]
[Round "2"]
[White "Shchekachev, Andrei"]
[Black "Draoui, Najib"]
[Result "1-0"]
[WhiteElo "2532"]
[BlackElo "2361"]
[PlyCount "51"]
[EventDate "2009.05.10"]
[EventType "swiss"]
[EventRounds "9"]
[EventCountry "FRA"]
[SourceTitle "CBM 130 Extra"]
[Source "ChessBase"]
[SourceDate "2009.07.02"]
[SourceVersion "2"]
[SourceVersionDate "2009.07.15"]
[SourceQuality "1"]

1. Nf3 Nf6 2. c4 c6 3. d4 d5 4. Nc3 a6 5. a4 e6 6. Bf4 dxc4 7. e3 Nd5 8. Bxc4 Nxf4 9. exf4 Be7 10. 0-0 0-0 11. Qe2 Nd7 12. Rfd1 Nf6 13. Ne5 a5 14. Rac1 Bd7 15. g3 Be8 16. Ne4 Nxe4 17. Qxe4 Qd6 18. f5 exf5 19. Qxf5 Bf6 20. h4 Rd8 21. Bb3 Qb4 22. Bc2 g6 23. Qxf6 Rxd4 24. h5 gxh5 25. Rxd4 Qxd4 26. Qg5+ 1-0

[Event "Noisy le Grand 1st"]
[Site "Noisy le Grand"]
[Date "2008.12.29"]
[Round "4"]
[White "Draoui, Najib"]
[Black "Spiridonov, Nikola"]
[Result "1-0"]
[WhiteElo "2362"]
[BlackElo "2368"]
[PlyCount "65"]
[EventDate "2008.12.26"]
[EventType "tourn"]
[EventRounds "9"]
[EventCountry "FRA"]
[EventCategory "5"]
[SourceTitle "CBM 128 Extra"]
[Source "ChessBase"]
[SourceDate "2009.03.05"]
[SourceVersion "2"]
[SourceVersionDate "2009.03.25"]
[SourceQuality "1"]

1. e4 Nf6 2. e5 Nd5 3. d4 d6 4. Nf3 Bg4 5. h3 Bh5 6. e6 fxe6 7. Bd3 Nc6 8. g4 Bf7 9. 0-0 Qd7 10. Re1 Ndb4 11. Bc4 h6 12. a3 Nd5 13. Bd3 0-0-0 14. c4 Nf6 15. Nc3 g5 16. b4 e5 17. d5 Nb8 18. Nb5 Na6 19. Qa4 Kb8 20. Be3 h5 21. Nxg5 hxg4 22. Bxa7+ Kc8 23. Nxf7 g3 24. Nbxd6+ exd6 25. Qxd7+ Kxd7 26. Bf5+ Ke7 27. Nxh8 gxf2+ 28. Kxf2 Bh6 29. Ng6+ Kf7 30. Kf1 c6 31. dxc6 bxc6 32. Rad1 e4 33. Ne5+ 1-0

[Event "Noisy le Grand 1st"]
[Site "Noisy le Grand"]
[Date "2008.12.26"]
[Round "1"]
[White "Draoui, Najib"]
[Black "Debray, Christopher"]
[Result "1-0"]
[WhiteElo "2362"]
[BlackElo "2388"]
[PlyCount "89"]
[EventDate "2008.12.26"]
[EventType "tourn"]
[EventRounds "9"]
[EventCountry "FRA"]
[EventCategory "5"]
[SourceTitle "CBM 128 Extra"]
[Source "ChessBase"]
[SourceDate "2009.03.05"]
[SourceVersion "2"]
[SourceVersionDate "2009.03.25"]
[SourceQuality "1"]

1. e4 c5 2. Nf3 Nc6 3. Nc3 Nf6 4. d4 cxd4 5. Nxd4 e5 6. Ndb5 d6 7. Bg5 a6 8. Na3 b5 9. Nd5 Be7 10. Bxf6 Bxf6 11. c3 0-0 12. Nc2 Bg5 13. a4 bxa4 14. Rxa4 a5 15. Bb5 Bd7 16. Rc4 Nb8 17. Bxd7 Nxd7 18. 0-0 Nc5 19. b4 axb4 20. cxb4 Na4 21. Rc6 Qd7 22. b5 Rfb8 23. Qe2 Ra5 24. Na3 Nc5 25. Nc4 Raxb5 26. Rxd6 Qb7 27. h4 Be7 28. Rc6 Ne6 29. Qg4 f5 30. Nxe7+ Qxe7 31. exf5 Nd4 32. f6 Qf8 33. Nd6 Rb1 34. f7+ Kh8 35. Rcc1 R1b6 36. Rc8 Rxc8 37. Qxc8 Qxc8 38. Nxc8 Rf6 39. Nd6 Ne6 40. Rb1 h6 41. Rb8+ Kh7 42. Re8 Nc7 43. f8Q Nxe8 44. Qxe8 Rxd6 45. Qxe5 1-0

[Event "FRA-chT2 North 0809"]
[Site "France"]
[Date "2008.11.23"]
[Round "3.2"]
[White "Draoui, Najib"]
[Black "Friess, Nicolas"]
[Result "1/2-1/2"]
[WhiteElo "2361"]
[BlackElo "2210"]
[PlyCount "65"]
[EventDate "2008.10.19"]
[EventType "team-tourn"]
[EventRounds "11"]
[EventCountry "FRA"]
[SourceTitle "EXT 2010"]
[Source "ChessBase"]
[SourceDate "2010.11.25"]
[SourceVersion "1"]
[SourceVersionDate "2010.11.25"]
[SourceQuality "1"]
[WhiteTeam "Chess XV"]
[BlackTeam "Henin Beaumont"]
[WhiteTeamCountry "FRA"]
[BlackTeamCountry "FRA"]

1. e4 e6 2. d4 d5 3. Nd2 Be7 4. Bd3 c5 5. exd5 Qxd5 6. Ngf3 Nf6 7. 0-0 0-0 8. Bc4 Qh5 9. Re1 Nc6 10. dxc5 Bxc5 11. h3 b5 12. Bd3 Bb7 13. a4 a6 14. Nb3 Bb6 15. Qd2 Rad8 16. axb5 axb5 17. Qf4 Nd5 18. Qg5 Qxg5 19. Bxg5 Rc8 20. c3 h6 21. Bd2 b4 22. c4 Nf6 23. Ne5 Rfd8 24. Bf1 Nd4 25. Nxd4 Bxd4 26. Bxb4 Bxb2 27. Rab1 Bxe5 28. Rxe5 Be4 29. Rb3 Rd1 30. f3 Bc6 31. Re1 Rxe1 32. Bxe1 Nd7 33. Bf2 1/2-1/2

[Event "Paris Multicoms-A"]
[Site "Paris"]
[Date "2006.12.19"]
[Round "7"]
[White "Fressinet, Laurent"]
[Black "Draoui, Najib"]
[Result "1-0"]
[WhiteElo "2640"]
[BlackElo "2416"]
[PlyCount "129"]
[EventDate "2006.12.13"]
[EventType "tourn"]
[EventRounds "9"]
[EventCountry "FRA"]
[EventCategory "11"]
[SourceTitle "CBM 115 Extra"]
[Source "ChessBase"]
[SourceDate "2007.01.10"]
[SourceVersion "1"]
[SourceVersionDate "2007.01.10"]
[SourceQuality "1"]

1. d4 d5 2. c4 c6 3. Nf3 Nf6 4. Nc3 a6 5. c5 Nbd7 6. Bf4 Nh5 7. Bg5 h6 8. Bd2 Nhf6 9. Bf4 g6 10. h3 Bg7 11. e3 0-0 12. Bd3 Qe8 13. Bc7 Kh8 14. 0-0 Ng8 15. e4 dxe4 16. Nxe4 Ndf6 17. Nc3 Be6 18. Re1 Bd5 19. Nh4 Rc8 20. Be5 e6 21. Bc2 Ne7 22. Qd2 Kg8 23. Rad1 Qd8 24. Bxf6 Bxf6 25. Qxh6 Rc7 26. Nxd5 Nxd5 27. Nf3 Rd7 28. h4 Bg7 29. Qd2 Qe7 30. h5 gxh5 31. Ne5 Rdd8 32. Qd3 Rfe8 33. Qh7+ Kf8 34. Qxh5 Nf4 35. Qg4 Qf6 36. g3 Nd5 37. Rd3 Nb4 38. Rf3 Nxc2 39. Rxf6 Bxf6 40. Qf4 Bxe5 41. Rxe5 Nxd4 42. Qf6 Nf5 43. g4 Ne7 44. Rxe6 Ng6 45. Rd6 Re1+ 46. Kg2 Rde8 47. Rd7 R1e7 48. Rxe7 Rxe7 49. Qd6 Kg7 50. Qd4+ f6 51. Kg3 Ne5 52. Qd8 Kf7 53. b3 Rd7 54. Qc8 Ke7 55. f4 Nd3 56. Qg8 Nxc5 57. g5 Ne4+ 58. Kf3 Nxg5+ 59. fxg5 fxg5 60. Qxg5+ Ke8 61. Ke4 Rd6 62. Qg8+ Kd7 63. Qb8 b5 64. Qb7+ Kd8 65. Qxa6 1-0

[Event "Paris Multicoms-A"]
[Site "Paris"]
[Date "2006.12.17"]
[Round "5"]
[White "Abergel, Thal"]
[Black "Draoui, Najib"]
[Result "1-0"]
[WhiteElo "2474"]
[BlackElo "2416"]
[PlyCount "67"]
[EventDate "2006.12.13"]
[EventType "tourn"]
[EventRounds "9"]
[EventCountry "FRA"]
[EventCategory "11"]
[SourceTitle "CBM 115 Extra"]
[Source "ChessBase"]
[SourceDate "2007.01.10"]
[SourceVersion "1"]
[SourceVersionDate "2007.01.10"]
[SourceQuality "1"]

1. e4 c5 2. Nf3 e6 3. d4 cxd4 4. Nxd4 a6 5. c4 Nf6 6. Nc3 d6 7. Be2 Be7 8. 0-0 Nbd7 9. Be3 Qc7 10. a4 b6 11. f3 Bb7 12. a5 bxa5 13. Nb3 Rb8 14. Nxa5 Ba8 15. Qd2 0-0 16. Rfc1 Rfe8 17. Kh1 Nc5 18. b4 Ncd7 19. Nb5 axb5 20. cxb5 Nc5 21. bxc5 dxc5 22. Nc4 Nd7 23. Bf4 e5 24. Be3 Red8 25. Qa2 h6 26. Bd2 Rf8 27. Ba5 Qc8 28. Rd1 Kh7 29. Qd2 Nf6 30. Nxe5 Qe6 31. Bc7 Rbd8 32. Bxd8 Rxd8 33. Qc3 Rxd1+ 34. Bxd1 1-0

[Event "Paris Multicoms-A"]
[Site "Paris"]
[Date "2006.12.16"]
[Round "4"]
[White "Draoui, Najib"]
[Black "Maze, Sebastien"]
[Result "0-1"]
[WhiteElo "2416"]
[BlackElo "2510"]
[PlyCount "128"]
[EventDate "2006.12.13"]
[EventType "tourn"]
[EventRounds "9"]
[EventCountry "FRA"]
[EventCategory "11"]
[SourceTitle "CBM 115 Extra"]
[Source "ChessBase"]
[SourceDate "2007.01.10"]
[SourceVersion "1"]
[SourceVersionDate "2007.01.10"]
[SourceQuality "1"]

1. e4 c5 2. Nf3 Nc6 3. Nc3 g6 4. d4 cxd4 5. Nxd4 Bg7 6. Be3 Nf6 7. Bc4 0-0 8. Bb3 d6 9. f3 Bd7 10. Qd2 Nxd4 11. Bxd4 b5 12. a4 b4 13. Nd5 Nxd5 14. Bxd5 Bxd4 15. Qxd4 Rc8 16. Kd1 Qc7 17. Bb3 a5 18. Rc1 Qc5 19. Qxc5 dxc5 20. Bc4 Rfd8 21. Ke2 Bxa4 22. Ra1 Bxc2 23. b3 Bxb3 24. Bxb3 c4 25. Ba4 b3 26. Rac1 Rd3 27. Bb5 b2 28. Rxc4 Rxc4 29. Bxc4 Rc3 30. Bd3 a4 31. Kd2 Rc7 32. Bb1 a3 33. Ba2 Kg7 34. Re1 e5 35. g3 h5 36. f4 exf4 37. gxf4 h4 38. e5 Rc6 39. h3 Rc5 40. Rf1 Kf8 41. Re1 Kg7 42. Rf1 Rc7 43. Re1 Kh6 44. Rg1 Kg7 45. Re1 Rd7+ 46. Kc3 Kf8 47. Rf1 Ke7 48. f5 Rc7+ 49. Kd2 Rd7+ 50. Kc3 gxf5 51. Rxf5 Rd1 52. Rxf7+ Ke8 53. Rb7 Ra1 54. Rb8+ Ke7 55. Rb7+ Kd8 56. Rb8+ Kc7 57. Rxb2 axb2 58. Kxb2 Re1 59. Kc3 Re3+ 60. Kd4 Rxh3 61. Bd5 Ra3 62. Ke4 Kd7 63. Kf5 Ke7 64. Kg4 h3 0-1

[Event "Rohde op 06th"]
[Site "Sautron"]
[Date "2006.11.03"]
[Round "8"]
[White "Monroy, Charles"]
[Black "Draoui, Najib"]
[Result "1-0"]
[WhiteElo "2394"]
[BlackElo "2416"]
[PlyCount "59"]
[EventDate "2006.10.28"]
[EventType "swiss"]
[EventRounds "9"]
[EventCountry "FRA"]
[SourceTitle "EXT 2007"]
[Source "ChessBase"]
[SourceDate "2006.11.23"]
[SourceVersion "1"]
[SourceVersionDate "2006.11.23"]
[SourceQuality "1"]

1. e4 c5 2. Nf3 e6 3. Nc3 a6 4. d4 cxd4 5. Nxd4 b5 6. Bd3 d6 7. 0-0 Nf6 8. Kh1 Bb7 9. f4 Nbd7 10. Qf3 Qc7 11. Bd2 h5 12. a4 b4 13. Nd1 Nc5 14. Nf2 Rb8 15. Bxb4 Nxd3 16. cxd3 d5 17. Bxf8 dxe4 18. dxe4 Kxf8 19. Qe3 h4 20. Rfc1 Qd7 21. h3 Rh5 22. Nf3 Ba8 23. Rc4 Kg8 24. Ne5 Qb7 25. b4 Qe7 26. Rac1 Rh8 27. Rc7 Qxb4 28. Nxf7 Rh5 29. Ng5 Ne8 30. Rc8 1-0

[Event "Rohde op 06th"]
[Site "Sautron"]
[Date "2006.11.02"]
[Round "7"]
[White "Bailet, Pierre"]
[Black "Draoui, Najib"]
[Result "0-1"]
[WhiteElo "2079"]
[BlackElo "2416"]
[PlyCount "130"]
[EventDate "2006.10.28"]
[EventType "swiss"]
[EventRounds "9"]
[EventCountry "FRA"]
[SourceTitle "EXT 2007"]
[Source "ChessBase"]
[SourceDate "2006.11.23"]
[SourceVersion "1"]
[SourceVersionDate "2006.11.23"]
[SourceQuality "1"]

1. e4 c5 2. Nf3 e6 3. d4 cxd4 4. Nxd4 a6 5. Bd3 Nf6 6. 0-0 d6 7. c4 Be7 8. Nc3 0-0 9. Be3 Nbd7 10. Rc1 Qc7 11. f3 b6 12. a3 Bb7 13. b4 Rac8 14. Nb3 Qb8 15. f4 Qa8 16. Qc2 Rfe8 17. Qb1 h6 18. h3 Bd8 19. Bd4 Bc7 20. Rce1 Qb8 21. Nd2 Ba8 22. Nf3 b5 23. cxb5 Bb6 24. Ne2 e5 25. fxe5 dxe5 26. Bxb6 Qxb6+ 27. Kh2 axb5 28. Qb3 Nf8 29. Ng3 Bc6 30. Rc1 Bd7 31. Rxc8 Bxc8 32. Rc1 Qe3 33. Bc4 Qxc1 34. Bxf7+ Kh8 35. Bxe8 Be6 36. Qd3 Nxe8 37. Qxb5 Nf6 38. Qxe5 Bg4 39. Nh4 Bd7 40. Qe7 Qg5 41. Nhf5 Kg8 42. e5 N6h7 43. Qxg5 Nxg5 44. Nd6 Nf7 45. Nge4 Nxd6 46. Nxd6 Ng6 47. e6 Bxe6 48. b5 Ne5 49. a4 Nc4 50. Ne4 Kf7 51. Kg3 Bd5 52. Nc5 Ke7 53. Nd3 Be4 54. Nc5 Bd5 55. Nd3 Kd6 56. Nf4 Be4 57. Nh5 g6 58. Nf6 Bc2 59. Ng8 h5 60. Kf4 Ke6 61. g4 hxg4 62. Kxg4 Kf7 63. Nh6+ Kg7 64. Kg5 Bxa4 65. h4 Bd1 0-1

[Event "Rohde op 06th"]
[Site "Sautron"]
[Date "2006.10.30"]
[Round "3"]
[White "Draoui, Najib"]
[Black "Dobrev, Nanko"]
[Result "0-1"]
[WhiteElo "2416"]
[BlackElo "2429"]
[PlyCount "58"]
[EventDate "2006.10.28"]
[EventType "swiss"]
[EventRounds "9"]
[EventCountry "FRA"]
[SourceTitle "EXT 2007"]
[Source "ChessBase"]
[SourceDate "2006.11.23"]
[SourceVersion "1"]
[SourceVersionDate "2006.11.23"]
[SourceQuality "1"]

1. e4 Nf6 2. e5 Nd5 3. d4 d6 4. Nf3 g6 5. Bc4 Nb6 6. Bb3 Bg7 7. Qe2 Nc6 8. a4 dxe5 9. dxe5 Nd4 10. Nxd4 Qxd4 11. e6 Bxe6 12. Bxe6 fxe6 13. 0-0 Qc4 14. Qf3 0-0-0 15. a5 Nd5 16. a6 Rhf8 17. axb7+ Kb8 18. Qa3 Bd4 19. Nd2 Qxc2 20. Nf3 Bc5 21. b4 Bb6 22. Bh6 Rf5 23. Bg7 Nf4 24. b5 Bc5 25. Qa5 Ne2+ 26. Kh1 Rxf3 27. gxf3 Qf5 28. Kg2 Nf4+ 29. Kg3 Qg5# 0-1

[Event "Paris-ch"]
[Site "Paris"]
[Date "2006.07.12"]
[Round "4"]
[White "Fridman, Daniel"]
[Black "Draoui, Najib"]
[Result "1/2-1/2"]
[WhiteElo "2569"]
[BlackElo "2379"]
[PlyCount "98"]
[EventDate "2006.07.08"]
[EventType "swiss"]
[EventRounds "9"]
[EventCountry "FRA"]
[SourceTitle "EXT 2007"]
[Source "ChessBase"]
[SourceDate "2006.11.23"]
[SourceVersion "1"]
[SourceVersionDate "2006.11.23"]
[SourceQuality "1"]

1. d4 d5 2. c4 c6 3. Nc3 Nf6 4. Nf3 a6 5. c5 Nbd7 6. Bf4 Nh5 7. Bd2 Nhf6 8. Rc1 g6 9. h3 Qc7 10. g3 Bg7 11. Bf4 Qd8 12. Bg2 0-0 13. 0-0 Nh5 14. Bg5 f5 15. Qd2 Qe8 16. Bh6 e5 17. Bxg7 Nxg7 18. Nxe5 Nxe5 19. dxe5 Qxe5 20. e3 Be6 21. Ne2 Rae8 22. b4 Bd7 23. a4 g5 24. Rfe1 Qf6 25. Kh2 Qh6 26. b5 axb5 27. axb5 Nh5 28. bxc6 bxc6 29. Nd4 Nf6 30. Qa5 f4 31. exf4 gxf4 32. Rxe8 fxg3+ 33. fxg3 Ng4+ 34. Kg1 Qxc1+ 35. Re1 Qb2 36. Nxc6 Qf2+ 37. Kh1 Bxc6 38. hxg4 Ra8 39. Qb4 Qxg3 40. Rb1 Rf8 41. Qd4 Rf7 42. Rf1 Rxf1+ 43. Bxf1 Qc3 44. Qxc3 d4+ 45. Qf3 Bxf3+ 46. Kh2 Bxg4 47. Kg3 h5 48. Kf4 Kf7 49. Ke4 Ke7 1/2-1/2

[Event "Paris-ch"]
[Site "Paris"]
[Date "2006.07.12"]
[Round "7"]
[White "Jovanic, Ognjen"]
[Black "Draoui, Najib"]
[Result "1-0"]
[WhiteElo "2464"]
[BlackElo "2379"]
[PlyCount "81"]
[EventDate "2006.07.08"]
[EventType "swiss"]
[EventRounds "9"]
[EventCountry "FRA"]
[SourceTitle "EXT 2007"]
[Source "ChessBase"]
[SourceDate "2006.11.23"]
[SourceVersion "1"]
[SourceVersionDate "2006.11.23"]
[SourceQuality "1"]

1. d4 d5 2. c4 c6 3. Nc3 Nf6 4. e3 a6 5. Qc2 e6 6. Nf3 c5 7. a3 cxd4 8. exd4 dxc4 9. Bxc4 b5 10. Ba2 Bb7 11. Qe2 b4 12. axb4 Bxb4 13. 0-0 0-0 14. Bg5 Be7 15. Rfe1 Ra7 16. Rad1 Qa5 17. Ne5 Kh8 18. Bb1 Nbd7 19. h4 Ba8 20. Qd3 g6 21. Bh6 Nxe5 22. Rxe5 Qb4 23. Bxf8 Bxf8 24. Re2 Kg7 25. Ba2 Qa5 26. Qe3 Rd7 27. Qe5 Qd8 28. Red2 Bd6 29. Qe2 Qa5 30. d5 exd5 31. Rd4 Bc5 32. Ra4 Qc7 33. Rxa6 Bb7 34. Rxf6 Kxf6 35. Bxd5 Bc8 36. Ne4+ Kg7 37. Nxc5 Qxc5 38. Qe5+ f6 39. Qe6 Qf8 40. Rc1 Qd8 41. Bf3 1-0

[Event "Paris-ch"]
[Site "Paris"]
[Date "2006.07.12"]
[Round "9"]
[White "Leconte, Maria"]
[Black "Draoui, Najib"]
[Result "1/2-1/2"]
[WhiteElo "2304"]
[BlackElo "2379"]
[PlyCount "84"]
[EventDate "2006.07.08"]
[EventType "swiss"]
[EventRounds "9"]
[EventCountry "FRA"]
[SourceTitle "EXT 2007"]
[Source "ChessBase"]
[SourceDate "2006.11.23"]
[SourceVersion "1"]
[SourceVersionDate "2006.11.23"]
[SourceQuality "1"]

1. e4 c5 2. Nf3 d6 3. d4 cxd4 4. Nxd4 Nf6 5. Nc3 a6 6. g3 e6 7. Bg2 Be7 8. 0-0 0-0 9. Be3 Qc7 10. Qe2 Nbd7 11. Rad1 Rb8 12. f4 Re8 13. a3 Bf8 14. g4 g6 15. g5 Nh5 16. Kh1 b5 17. Rf3 b4 18. axb4 Rxb4 19. Nb3 Bb7 20. Rh3 Bg7 21. Qd3 Bf8 22. Bf3 d5 23. Bxh5 gxh5 24. Rxh5 Bg7 25. exd5 exd5 26. Qxh7+ Kf8 27. Bd4 Rxd4 28. Rxd4 Re1+ 29. Kg2 Bxd4 30. Nxd4 Qxf4 31. Nce2 Rxe2+ 32. Nxe2 d4+ 33. Kh3 Qf1+ 34. Kh4 Qf2+ 35. Ng3 Qxh2+ 36. Kg4 Ne5+ 37. Kf5 Qf2+ 38. Kxe5 Qxg3+ 39. Kxd4 Qd6+ 40. Kc3 Qc5+ 41. Kd2 Qf2+ 42. Kc3 Qc5+ 1/2-1/2

[Event "Syre Memorial op 29th"]
[Site "Issy les Moulineaux"]
[Date "2006.05.27"]
[Round "4"]
[White "Draoui, Najib"]
[Black "Colson, Arnaud"]
[Result "1-0"]
[WhiteElo "2369"]
[BlackElo "2203"]
[PlyCount "73"]
[EventDate "2006.05.25"]
[EventType "swiss"]
[EventRounds "6"]
[EventCountry "FRA"]
[SourceTitle "EXT 2007"]
[Source "ChessBase"]
[SourceDate "2006.11.23"]
[SourceVersion "1"]
[SourceVersionDate "2006.11.23"]
[SourceQuality "1"]

1. e4 c5 2. Nf3 d6 3. d4 cxd4 4. Nxd4 Nf6 5. Nc3 a6 6. Be3 e5 7. Nb3 Be6 8. f3 Nbd7 9. Qd2 b5 10. g4 Nb6 11. g5 Nh5 12. Nd5 Bxd5 13. exd5 f5 14. Na5 g6 15. a4 Nxa4 16. c4 Bg7 17. cxb5 f4 18. Bf2 Nc5 19. b6 Qxb6 20. b4 e4 21. bxc5 dxc5 22. Nc4 Qd8 23. Rb1 e3 24. Bxe3 fxe3 25. Qxe3+ Qe7 26. Qxe7+ Kxe7 27. Rb7+ Kd8 28. Nb6 Rc8 29. Rd7+ Ke8 30. Rxg7 Nxg7 31. Nxc8 Kd7 32. Bh3+ Kc7 33. d6+ Kc6 34. Kf2 Nf5 35. Ne7+ Kxd6 36. Nxf5+ gxf5 37. Ra1 1-0

[Event "Syre Memorial op 29th"]
[Site "Issy les Moulineaux"]
[Date "2006.05.25"]
[Round "1"]
[White "Veron, Cyprien"]
[Black "Draoui, Najib"]
[Result "0-1"]
[WhiteElo "2102"]
[BlackElo "2369"]
[PlyCount "50"]
[EventDate "2006.05.25"]
[EventType "swiss"]
[EventRounds "6"]
[EventCountry "FRA"]
[SourceTitle "EXT 2007"]
[Source "ChessBase"]
[SourceDate "2006.11.23"]
[SourceVersion "1"]
[SourceVersionDate "2006.11.23"]
[SourceQuality "1"]

1. Nf3 Nf6 2. c4 c6 3. d4 d5 4. Nc3 a6 5. c5 Nbd7 6. Bf4 Nh5 7. g3 g6 8. Bg2 Bg7 9. Qd2 Nxf4 10. gxf4 0-0 11. b4 Qc7 12. 0-0 Bh6 13. e3 f6 14. Qc2 e5 15. fxe5 fxe5 16. e4 Rxf3 17. Bxf3 exd4 18. Ne2 Ne5 19. Nxd4 Nxf3+ 20. Nxf3 Qf4 21. Nd4 Bg7 22. Rfd1 Be5 23. f3 Qe3+ 24. Kg2 Bxd4 25. Rab1 Bh3+ 0-1

[Event "Metz op 24th"]
[Site "Metz"]
[Date "2006.04.30"]
[Round "9"]
[White "Epishin, Vladimir"]
[Black "Draoui, Najib"]
[Result "1-0"]
[WhiteElo "2565"]
[BlackElo "2369"]
[PlyCount "91"]
[EventDate "2006.04.22"]
[EventType "swiss"]
[EventRounds "9"]
[EventCountry "FRA"]
[SourceTitle "EXT 2007"]
[Source "ChessBase"]
[SourceDate "2006.11.23"]
[SourceVersion "1"]
[SourceVersionDate "2006.11.23"]
[SourceQuality "1"]

1. d4 d5 2. c4 c6 3. Nf3 Nf6 4. Nc3 a6 5. e3 b5 6. b3 Bg4 7. Be2 e6 8. h3 Bh5 9. 0-0 Bd6 10. Ne5 Bxe2 11. Nxe2 Qc7 12. Bb2 Nbd7 13. cxd5 cxd5 14. Rc1 Qb8 15. Nxd7 Kxd7 16. f3 Qb7 17. Qd3 Ke7 18. Bc3 b4 19. Be1 Qb5 20. Qd2 Rac8 21. Bh4 h6 22. e4 Rxc1 23. Rxc1 dxe4 24. fxe4 g5 25. e5 gxh4 26. exd6+ Kxd6 27. Rc5 Qb8 28. Qf4+ Ke7 29. Rc7+ Nd7 30. Qxh4+ Ke8 31. Rc6 Qb7 32. d5 Rg8 33. Nd4 Ne5 34. Rc2 Rg6 35. dxe6 fxe6 36. Kh1 Qd5 37. Rc8+ Kf7 38. Qf2+ Rf6 39. Rf8+ Kxf8 40. Qxf6+ Ke8 41. Nxe6 Kd7 42. Nf4 Qd6 43. Qf5+ Kc7 44. Qe4 Kb6 45. Nd5+ Kb5 46. Nxb4 1-0

[Event "Metz op 24th"]
[Site "Metz"]
[Date "2006.04.29"]
[Round "8"]
[White "Draoui, Najib"]
[Black "Postny, Evgeny"]
[Result "0-1"]
[WhiteElo "2369"]
[BlackElo "2572"]
[PlyCount "112"]
[EventDate "2006.04.22"]
[EventType "swiss"]
[EventRounds "9"]
[EventCountry "FRA"]
[SourceTitle "EXT 2007"]
[Source "ChessBase"]
[SourceDate "2006.11.23"]
[SourceVersion "1"]
[SourceVersionDate "2006.11.23"]
[SourceQuality "1"]

1. e4 e5 2. Nf3 Nc6 3. Bb5 a6 4. Ba4 Nf6 5. 0-0 Be7 6. Re1 b5 7. Bb3 d6 8. c3 0-0 9. h3 Na5 10. Bc2 c5 11. d4 Qc7 12. Nbd2 Nc6 13. dxc5 dxc5 14. Nf1 Be6 15. N3h2 Rad8 16. Qf3 Qc8 17. Ng3 Rfe8 18. Nhf1 c4 19. Ne3 g6 20. Nef1 Kg7 21. Be3 h5 22. Bg5 Nd7 23. Be3 Nc5 24. Nf5+ Bxf5 25. exf5 e4 26. Bxe4 Nxe4 27. Qxe4 Bf6 28. Qf4 Qxf5 29. Qxf5 gxf5 30. Ng3 Kg6 31. Ne2 Be5 32. Nf4+ Bxf4 33. Bxf4 Re4 34. g3 Rd3 35. Kf1 Nd8 36. Rxe4 fxe4 37. a4 Ne6 38. Be3 h4 39. Ke2 hxg3 40. fxg3 b4 41. Rc1 b3 42. Rf1 Nc7 43. h4 Nd5 44. Bd4 Rxg3 45. h5+ Kxh5 46. Rf5+ Rg5 47. Rxf7 Rg2+ 48. Kd1 Kg4 49. Rg7+ Kf3 50. Rxg2 Kxg2 51. Ke2 Kg3 52. Be5+ Kg4 53. Bg7 Kf5 54. Kf2 Nb6 55. Bf8 Nxa4 56. Ba3 Nb6 0-1

[Event "Metz op 24th"]
[Site "Metz"]
[Date "2006.04.26"]
[Round "5"]
[White "Nguyen, Huu Hoang Anh"]
[Black "Draoui, Najib"]
[Result "0-1"]
[WhiteElo "2066"]
[BlackElo "2369"]
[PlyCount "100"]
[EventDate "2006.04.22"]
[EventType "swiss"]
[EventRounds "9"]
[EventCountry "FRA"]
[SourceTitle "EXT 2007"]
[Source "ChessBase"]
[SourceDate "2006.11.23"]
[SourceVersion "1"]
[SourceVersionDate "2006.11.23"]
[SourceQuality "1"]

1. c3 d5 2. Qc2 Nf6 3. d3 e5 4. e4 Nc6 5. Nf3 Be7 6. Be2 0-0 7. 0-0 Ne8 8. Nbd2 Be6 9. Re1 f5 10. a3 a5 11. b3 g5 12. exd5 Bxd5 13. Nc4 Bf6 14. Bb2 g4 15. Nfd2 Bf7 16. a4 Bg6 17. Rad1 Ng7 18. f3 h5 19. d4 exd4 20. fxg4 hxg4 21. Nf1 Bh7 22. Qc1 Re8 23. Qa1 Ne6 24. Nfe3 Nf4 25. Bf1 d3 26. Rd2 Re7 27. Qb1 Rd7 28. Red1 Qf8 29. Qa2 Kh8 30. g3 Nh3+ 31. Kh1 Rad8 32. Bg2 Qg7 33. Rf1 Qg5 34. Ba1 Re8 35. Nd5 Rxd5 36. Bxd5 f4 37. Bg2 f3 38. Bxh3 gxh3 39. Rdf2 Re2 40. Qa3 Be7 41. b4 Bg8 42. Nxa5 Qe3 43. c4+ Ne5 44. Qc3 Bf6 45. Kg1 Ng4 46. Qc1 Qxc1 47. Bxf6+ Kh7 48. Rxc1 Rxf2 49. Bd4 Rg2+ 50. Kf1 d2 0-1